LEADER 01135nam0-2200349---450- 001 990005803940403321 005 20140923120522.0 010 $a2728300224 035 $a000580394 035 $aFED01000580394 035 $a(Aleph)000580394FED01 035 $a000580394 100 $a19990604d1981----km-y0itay50------ba 101 0 $afre 105 $ay-------001yy 200 1 $aFrançais et Italiens à la fin du 19. siècle$eaux origines du rapprochement franco-italien de 1900-1902$fPierre Milza 210 $aRome$cÉcole Française de Rome$d1981 215 $a2 v.$d30 cm 225 1 $aCollection de l'École française de Rome$v53 610 0 $aFrancia e Italia$a1870-1902 676 $a945.09$v22 700 1$aMilza,$bPierre$f<1932- >$0123667 801 0$aIT$bUNINA$gRICA$2UNIMARC 901 $aBK 912 $a990005803940403321 952 $a945.09 MIL 1 (1)$bDIP.FIL.MOD. 6257A$fFLFBC 952 $a945.09 MIL 1 (2)$bDIP.FIL.MOD.6257B$fFLFBC 952 $aCOLLEZ. 755 (53)$b19727$fFSPBC 959 $aFLFBC 959 $aFSPBC 996 $aFrançais et Italiens à la fin du 19. siècle$9568351 997 $aUNINA LEADER 02183nam2 22004453i 450 001 UBO2714686 005 20231121125859.0 010 $a370013486X 100 $a20071122d2005 ||||0itac50 ba 101 | $alat 102 $aat 181 1$6z01$ai $bxxxe 182 1$6z01$an 200 1 $a˜5: œEnarrationes in Psalmos 141-150$fedidit Franco Gori$gadiuvante Iuliana Spaccia 210 $aWien$cOsterreichischen Akademie der Wissenschaften$d2005 215 $a304 p.$d22 cm. 462 1$1001PUV0699378$12001 $aEnarrationes in Psalmos 101-150$v5$1700 1$aAugustinus$b, Aurelius$c $3CFIV004595$4070 676 $a270$9STORIA DELLA CHIESA CRISTIANA$v21 676 $a880$9Letteratura classica. - Letteratura greca.$v21 700 1$aAugustinus$b, Aurelius$c $3CFIV004595$4070$0152280 702 1$aGori$b, Franco$f <1942- >$3CFIV039925 702 1$aSpaccia$b, Giuliana$3UBOV966560 790 0$aAugustinus Aurelius$c $3BVEV021814$zAugustinus, Aurelius 790 0$aAgostino : d'Ippona$c $3CFIV013519$zAugustinus, Aurelius 790 1$aAgostino$b, Aurelio$c $3CFIV030601$zAugustinus, Aurelius 790 0$aAugustinus : von Hippo$c $3CFIV130059$zAugustinus, Aurelius 790 0$aAurelio Agostino$c $3CFIV137762$zAugustinus, Aurelius 790 0$aAgostino$c $3CFIV157151$zAugustinus, Aurelius 790 0$aAgostino$3CFIV211414$zAugustinus, Aurelius 790 0$aAugustinus : Hipponensis$c $3RMLV215613$zAugustinus, Aurelius 790 1$aGori$b, Franciscus$3CFIV039926$zGori, Franco <1942- > 801 3$aIT$bIT-01$c20071122 850 $aIT-RM0281 $aIT-FR0017 899 $aBIBLIOTECA VALLICELLIANA$bRM0281 899 $aBiblioteca umanistica Giorgio Aprea$bFR0017 912 $aUBO2714686 950 2$aBiblioteca umanistica Giorgio Aprea$d 52CIS CSEL 95/5$e 52VM 0000824385 VM barcode:00076769. - Inventario:38037 FLSVM$fA $h20100402$i20121204 977 $a 08$a 52 996 $aEnarrationes in Psalmos 141-150$93640595 997 $aUNICAS